000 01278nam a2200217Ia 4500
003 Ost
005 20260507075726.0
008 260507s9999||||xx |||||||||||||| ||und||
040 _cfsecg
041 _aara
082 _a343.093
100 _aعلي حسن، سوزان
_eمؤلف
245 0 _aالاطار القانوني للوكالة بالعمولة للنقل وفقا لقانون التجاري رقم 17 لسنة 1999 /
_c سوزان علي حسن
260 _aالاسكندرية:
_bدار الجامعة الجديدة للنشر,
_c2003
300 _a263 صفحة؛
_c24 سم
490 _aالمكتبة القانونية
504 _aقائمة الاختصارات : ص. 255
520 _aالتزامات الوكيل بالعمولة للنقل التزامات الوكيل بالعمولة للنقل بصفته حقوق الوكيل بالعمولة للنقل العمولة ، حق الامتياز الاحكام العامة للمسؤولية النظام القانوني للمسؤلية ، حدود المسؤلية ، الطبيعة القانونية للمسؤلية تطبيق المسؤولية دعوة المسؤلية ، التعويض
653 _aالنقل-قوانين و تشريعات
942 _cكتاب
999 _c45986
_d45986